Central Library OPAC University of Rajshahi

The groundwork of English composition / (Record no. 50290)

MARC details
000 -LEADER
fixed length control field 00583nam a2200205 a 4500
001 - CONTROL NUMBER
control field 50290
003 - CONTROL NUMBER IDENTIFIER
rucl marc code BD-RjUL
005 - DATE AND TIME OF LATEST TRANSACTION
control field 20211209075503.0
008 - FIXED-LENGTH DATA ELEMENTS--GENERAL INFORMATION
fixed length control field 160824s19551940enk||||| |||| 00| 0 eng d
035 ## - SYSTEM CONTROL NUMBER
System control number (BD-RjUL) 50410
040 ## - CATALOGING SOURCE
Original cataloging agency BD-RjUL
Language of cataloging eng
Transcribing agency BD-RjUL
041 ## - LANGUAGE CODE
Language code of text/sound track or separate title eng
082 ## - DEWEY DECIMAL CLASSIFICATION NUMBER
Edition number 23
Classification number 425
Author mark and year GLG 1955
100 1# - MAIN ENTRY--PERSONAL NAME
Personal name Glassey, Stanley C
9 (RLIN) 150718
245 14 - TITLE STATEMENT
Title The groundwork of English composition /
Statement of responsibility, etc. Stanley C Glassey
260 ## - PUBLICATION, DISTRIBUTION, ETC. (IMPRINT)
Place of publication, distribution, etc. Oxford:
Name of publisher, distributor, etc. Clarendon Press,
Date of publication, distribution, etc. 1940 [Reprinted 1955]
300 ## - PHYSICAL DESCRIPTION
Pagination 317 p. ;
Size 19 cm.
650 ## - SUBJECT ADDED ENTRY--TOPICAL TERM
Topical term or geographic name as entry element English Grammar
9 (RLIN) 150719
942 ## - ADDED ENTRY ELEMENTS (KOHA)
Source of classification or shelving scheme Dewey Decimal Classification
Koha item type Books
Holdings
Lost status Source of classification or shelving scheme Damaged status Not for loan Collection code Permanent Location Current Location Shelving location Date acquired Source of acquisition Cost, normal purchase price Total Checkouts Full call number Date last seen Copy number Koha item type
  Dewey Decimal Classification     Non-fiction Central Library, University of Rajshahi Central Library, University of Rajshahi   20/11/1957 O.U.P 6.10   425 GLG 1955 24/08/2016 C-2 Books